Corps à corps : une blind date poétique : récit poétique /
Saved in:
| Main Author: | |
|---|---|
| Format: | Book |
| Language: | French |
| Published: |
Sudbury, Ontario, Canada :
Éditions Prise de parole,
2015.
|
| Subjects: | |
| Tags: |
Add Tag
No Tags, Be the first to tag this record!
|
| LEADER | 01253cam a2200409Ia 4500 | ||
|---|---|---|---|
| 001 | 014548666-4 | ||
| 005 | 20160225160447.0 | ||
| 008 | 150923t20152015onc 000 p fre d | ||
| 010 | |a 2015513630 | ||
| 020 | |a 9782894239445 |q (pbk.) | ||
| 020 | |a 2894239440 |q (pbk.) | ||
| 020 | |a 9782894237830 |q (pdf) | ||
| 020 | |a 2894237839 |q (pdf) | ||
| 020 | |a 9782897440404 |q (epub) | ||
| 020 | |a 2897440406 |q (epub) | ||
| 035 | 0 | |a ocn928985840 | |
| 040 | |a CDX |b eng |c CDX |d UAB |d DLC |d OCLCF |d OCLCQ | ||
| 043 | |a n-cn--- | ||
| 050 | 4 | |a PQ3919.3.C68 |b A6 2015 | |
| 055 | 3 | |a PS8605 O8839 |b A6 2015 | |
| 055 | 3 | |a PS9605 O8839 |b A6 2015 | |
| 082 | 0 | 4 | |a 841/.92 |2 23 |
| 100 | 1 | |a Côté Legault, Antoine. | |
| 245 | 1 | 0 | |a Corps à corps : |b une blind date poétique : récit poétique / |c Antoine Côté Legault. |
| 264 | 1 | |a Sudbury, Ontario, Canada : |b Éditions Prise de parole, |c 2015. | |
| 264 | 4 | |c ©2015 | |
| 300 | |a 83 pages ; |c 21 cm | ||
| 336 | |a text |b txt |2 rdacontent | ||
| 337 | |a unmediated |b n |2 rdamedia | ||
| 338 | |a volume |b nc |2 rdacarrier | ||
| 650 | 0 | |a French-Canadian poetry |y 21st century. | |
| 650 | 7 | |a French-Canadian poetry. |2 fast | |
| 648 | 7 | |a 2000 - 2099 |2 fast | |
| 899 | |a 415_565689 | ||
| 988 | |a 20151204 | ||
| 049 | |a HLSS | ||
| 906 | |0 OCLC | ||


